| 000 | 00380nam a22001577a 4500 | ||
|---|---|---|---|
| 005 | 20160430114856.0 | ||
| 008 | 160430b xxu||||| |||| 00| 0 eng d | ||
| 041 | _aeng | ||
| 082 | _b1048 | ||
| 100 |
_aPunjab Technical Institute. _9330 |
||
| 245 | _aManagerial Economics MBA 105 | ||
| 260 |
_aNew Delhi _bExcel Books, |
||
| 300 | _a233 | ||
| 650 |
_aManagement _9241 |
||
| 942 | _cBK | ||
| 999 |
_c381 _d381 |
||